|
|
|
|
| LEADER |
00664nab a2200181 i 4500 |
| 001 |
acta34508 |
| 005 |
20210422132551.0 |
| 008 |
161017s2014 hu o 0|| hun d |
| 022 |
|
|
|a 0237-7934
|
| 040 |
|
|
|a SZTE Egyetemi Kiadványok Repozitórium
|b hun
|
| 041 |
|
|
|a hun
|
| 100 |
1 |
|
|a Nagy Emőke
|
| 245 |
1 |
0 |
|a Szent Anna legendája Temesvári Pelbárt és Laskai Osvát sermóiban
|h [elektronikus dokumentum] /
|c Nagy Emőke
|
| 260 |
|
|
|c 2014
|
| 300 |
|
|
|a 141-151
|
| 490 |
0 |
|
|a Aetas
|v 29 No. 1
|
| 695 |
|
|
|a Anna Szent, Laskai Osvát, Temesvári Pelbárt, Vallásfilozófia 15. sz.
|
| 856 |
4 |
0 |
|u http://acta.bibl.u-szeged.hu/34508/1/aetas_2014_001_141-151.pdf
|z Dokumentum-elérés
|